000 01921nam a2200553 i 4500
001 35609
003 KOSZ 005
005 20230811125307.0
008 230811s1994 pl a g 001 0 pol
015 _aUWD 1996/2757
020 _a8322912056
035 _a991003931459705066
035 _a(PL-WaBN)b11047264-48omnis_nlop
035 _ab11047264
035 _a(OCoLC)749191284
035 _azz2003823139
035 _a(PL)b0000001104726
035 _a(EXLNZ-48OMNIS_NETWORK)9910391342105606
040 _aWA N
_cWA N
_dKOSZ 005/RW
041 0 _apol
_beng
_bger
045 _bd1587
_bd1648
046 _k1994
080 _a94(438).04
080 _a336.1/.5(438+474.5)"15/16"
100 1 _aFilipczak-Kocur, Anna
_d(1944- )
_eAutor
245 1 0 _aSkarb litewski za pierwszych dwu Wazów :
_b1587-1648 /
_cAnna Filipczak-Kocur ; [recenzent Andrzej Rachuba].
260 _aWrocław :
_bWydawnictwo Uniwersytetu Wrocławskiego,
_c1994.
300 _a120, [4] stron, [24] strony tablic :
_bfaksy, wykresy, errata ;
_c24 cm.
336 _aTekst
_btxt
_2rdacontent
337 _aBez urządzenia pośredniczącego
_bn
_2rdamedia
338 _aWolumin
_bnc
_2rdacarrier
380 _aKsiążki
380 _aPublikacje naukowe
388 1 _a1901-2000
388 1 _a1989-2000
504 _aBibliografia na stronach [107]-110. Indeks.
546 _aStreszczenie w języku angielskim i niemieckim.
648 7 _a1501-1600
_2DBN
648 7 _a1601-1700
_2DBN
650 7 _aFinanse publiczne
_2DBN
651 7 _aLitwa
655 7 _aMonografia
658 _aHistoria
700 1 _aRachuba, Andrzej
_d(1951- )
_eRecenzja
710 2 _aWydawnictwo Uniwersytetu Wrocławskiego
_4pbl
856 _uhttp://koha.tu.koszalin.pl/cgi-bin/koha/opac-detail.pl?biblionumber=35609
_yKatalog online BPK
942 _2UKD
_cKS
999 _c35609
_d35609